<?xml version="1.0" encoding="UTF-8"?><?xml-stylesheet type="text/xsl" href="static/style.xsl"?><OAI-PMH xmlns="http://www.openarchives.org/OAI/2.0/" xmlns:xsi="http://www.w3.org/2001/XMLSchema-instance" xsi:schemaLocation="http://www.openarchives.org/OAI/2.0/ http://www.openarchives.org/OAI/2.0/OAI-PMH.xsd"><responseDate>2026-04-13T00:09:29Z</responseDate><request verb="GetRecord" identifier="oai:www.recercat.cat:2117/129175" metadataPrefix="marc">https://recercat.cat/oai/request</request><GetRecord><record><header><identifier>oai:recercat.cat:2117/129175</identifier><datestamp>2025-07-22T17:27:27Z</datestamp><setSpec>com_2072_1033</setSpec><setSpec>col_2072_452951</setSpec></header><metadata><record xmlns="http://www.loc.gov/MARC21/slim" xmlns:dcterms="http://purl.org/dc/terms/" xmlns:xsi="http://www.w3.org/2001/XMLSchema-instance" xmlns:doc="http://www.lyncode.com/xoai" xsi:schemaLocation="http://www.loc.gov/MARC21/slim http://www.loc.gov/standards/marcxml/schema/MARC21slim.xsd">
   <leader>00925njm 22002777a 4500</leader>
   <datafield ind2=" " ind1=" " tag="042">
      <subfield code="a">dc</subfield>
   </datafield>
   <datafield ind2=" " ind1=" " tag="720">
      <subfield code="a">Ferret i Buruaga, Albert</subfield>
      <subfield code="e">author</subfield>
   </datafield>
   <datafield ind2=" " ind1=" " tag="720">
      <subfield code="a">Piñón Gil, Santiago</subfield>
      <subfield code="e">author</subfield>
   </datafield>
   <datafield ind2=" " ind1=" " tag="260">
      <subfield code="c">2001-09</subfield>
   </datafield>
   <datafield ind2=" " ind1=" " tag="520">
      <subfield code="a">Aquest projecte té bàsicament dos parts ben delimitades. La primera part consisteix en la creació d´un aixecament topogràfic a escala 1:500 d´una zona urbana situada al barri de Camps Blancs al municipi de Sant Boi de Llobregat. A partir d´aquesta Cartografia, la segona part del projecte és realitzar  diferents operacions d´anàlisi amb un S. I. G. mitjançant el programa AutoCAD Map.&#xd;
&#xd;
L´objectiu final de la nostra aplicació serà el càlcul d´una ruta òptima entre dos punts de la nostra xarxa en funció del temps i la creació de diferents mapes temàtics. Amb aquest dos exemples volem  mostrar les ventatges i  inconvenients del programa AutoCAD Map com a eina S. I. G..</subfield>
   </datafield>
   <datafield tag="653" ind2=" " ind1=" ">
      <subfield code="a">Àrees temàtiques de la UPC::Enginyeria civil::Geomàtica::Sistemes d'informació geogràfica</subfield>
   </datafield>
   <datafield tag="653" ind2=" " ind1=" ">
      <subfield code="a">Geographic information systems</subfield>
   </datafield>
   <datafield tag="653" ind2=" " ind1=" ">
      <subfield code="a">Surveys</subfield>
   </datafield>
   <datafield tag="653" ind2=" " ind1=" ">
      <subfield code="a">Aixecaments topogràfics -- Catalunya -- Sant Boi de Llobregat</subfield>
   </datafield>
   <datafield tag="653" ind2=" " ind1=" ">
      <subfield code="a">Sistemes d'informació geogràfica -- Catalunya -- Sant Boi de Llobregat</subfield>
   </datafield>
   <datafield ind2="0" ind1="0" tag="245">
      <subfield code="a">Aixecament topogràfic i aplicació SIG amb Autocad Map al barri de Camps Blancs (Sant Boi de Llobregat)</subfield>
   </datafield>
</record></metadata></record></GetRecord></OAI-PMH>